000 002800000a22000970004500
100 1 _aLundbom, Jack R.
245 1 0 _aThe incluso and other framing decives in Deuteronomy 1-28
300 _aVol. 46, Num. 3 (Julio, 1996), Páginas 296-315
773 0 _tVetus Testamentum
942 _cANA
999 _c58037
_d58037